[Event "Liechtenstein op"]
[Site "Liechtenstein"]
[Date "1995.??.??"]
[Round "7"]
[White "Donev, Ivo Hristov"]
[Black "Poettinger, Harald"]
[Result "1-0"]
[WhiteElo "2385"]
[BlackElo "2245"]

1.e4 d6 2.d4 Nf6 3.Nc3 Nbd7 4.f4 e5 5.Nf3 c6 6.dxe5 dxe5 7.fxe5 Ng4 8.e6 fxe6
9.Ng5 Nge5 10.Nxe6 Qh4+ 11.g3 Qf6 12.Nc7+ Kd8 13.Bg5  1-0

[Event "Linares op"]
[Site "Linares"]
[Date "1995.??.??"]
[Round "?"]
[White "Piza Cortizo, Daniel"]
[Black "Llanes Hurtado, Miguel"]
[Result "1/2-1/2"]
[WhiteElo "2300"]
[BlackElo "2285"]

1.d4 d6 2.e4 Nf6 3.Nc3 e5 4.Nf3 Nbd7 5.Bc4 Be7 6.O-O O-O 7.Re1 c6 8.a4 b6
9.d5 Bb7 10.dxc6 Bxc6 11.Bg5 Qc7 12.Nd5 Bxd5 13.Bxd5 Nxd5 14.Qxd5 Bxg5 15.Nxg5 Nf6
16.Qb3 Qc6 17.f3 Rac8 18.c3  1/2-1/2

[Event "Linares op"]
[Site "Linares"]
[Date "1995.??.??"]
[Round "?"]
[White "Lima, Darcy"]
[Black "Llanes Hurtado, Miguel"]
[Result "1-0"]
[WhiteElo "2505"]
[BlackElo "2285"]

1.e4 d6 2.d4 Nf6 3.Nc3 e5 4.Nge2 Be7 5.g3 O-O 6.Bg2 c6 7.a4 Na6 8.O-O Nb4
9.a5 exd4 10.Nxd4 d5 11.exd5 cxd5 12.h3 Ne4 13.Nxe4 dxe4 14.c3 Na6 15.Bxe4 Bxh3
16.Qh5 f5 17.Nxf5 Bxf5 18.Bxf5 g6 19.Bxg6 hxg6 20.Qxg6+ Kh8 21.Ra4  1-0

[Event "Linares op"]
[Site "Linares"]
[Date "1995.??.??"]
[Round "?"]
[White "Galego, Luis"]
[Black "Lima, Darcy"]
[Result "1/2-1/2"]
[WhiteElo "2435"]
[BlackElo "2505"]

1.e4 d6 2.d4 Nf6 3.Nc3 e5 4.dxe5 dxe5 5.Qxd8+ Kxd8 6.Bc4 Be6 7.Bxe6 fxe6
8.Be3 Bd6 9.f3 Nc6 10.O-O-O a6 11.h4 Nh5 12.Nge2 Ke7 13.Bg5+ Kf7 14.g4 Nf4
15.Nxf4 exf4 16.Ne2 e5 17.h5 Ke6 18.c3 Be7 19.Bxe7 Nxe7 20.Kc2 Rad8  1/2-1/2

[Event "Linares op"]
[Site "Linares"]
[Date "1995.??.??"]
[Round "?"]
[White "Petursson, Margeir"]
[Black "Galego, Luis"]
[Result "1-0"]
[WhiteElo "2535"]
[BlackElo "2435"]

1.d4 d6 2.e4 Nf6 3.Nc3 c6 4.Nf3 Bg4 5.Be2 Nbd7 6.O-O e5 7.a4 a5 8.Be3 Be7
9.h3 Bxf3 10.Bxf3 O-O 11.g3 Re8 12.Bg2 Bf8 13.Qd2 Qc7 14.Rad1 Rad8 15.b3 Nb8
16.f4 Na6 17.Qf2 exd4 18.Bxd4 Nd7 19.g4 Nb4 20.Kh1 Qc8 21.Rd2 Nc5 22.g5 Nd7
23.Rfd1 Qb8 24.Ne2 d5 25.c3 Na6 26.exd5 c5 27.Be3 Bd6 28.Rf1 b5 29.Ng3 bxa4
30.bxa4 c4 31.Ne4 Qc7 32.Rd4 Ndc5 33.Nxd6 Rxd6 34.Rxc4 Nd3 35.Qa2 Qd7 36.Bd4 Ne1
37.Rc6 Nxg2 38.Qxg2 Rxc6 39.dxc6 Qe6 40.f5 Qc4 41.Rf4 Qd3 42.g6 Re1+ 43.Kh2 Re2
44.Rf2 Rxf2 45.Qxf2 hxg6 46.fxg6 fxg6 47.Qe3 Qxe3 48.Bxe3 Kf7 49.Kg3  1-0

[Event "Linares zt"]
[Site "Linares"]
[Date "1995.??.??"]
[Round "1"]
[White "Hebden, Mark"]
[Black "Galego, Luis"]
[Result "1-0"]
[WhiteElo "2570"]
[BlackElo "2430"]

1.d4 d6 2.e4 Nf6 3.Nc3 c6 4.Nf3 Bg4 5.h3 Bh5 6.Qe2 Bxf3 7.Qxf3 e5 8.Be3 Qa5
9.O-O-O b5 10.Kb1 Nbd7 11.g4 Nb6 12.dxe5 dxe5 13.g5 Nfd7 14.h4 Bb4 15.Ne2 O-O
16.Bh3 Rfd8 17.h5 Nf8 18.Rxd8 Rxd8 19.g6 hxg6 20.hxg6 fxg6 21.Bxb6  1-0

[Event "Lisboa"]
[Site "Lisboa"]
[Date "1995.??.??"]
[Round "1"]
[White "Dantas, Carlos"]
[Black "Pereira, Alvaro"]
[Result "1/2-1/2"]
[WhiteElo "2180"]
[BlackElo "2300"]

1.e4 d6 2.d4 Nf6 3.Nc3 c6 4.f4 Qa5 5.Bd3 e5 6.d5 Nbd7 7.Bd2 exf4 8.Nh3 Ne5
9.Nxf4 Bg4 10.Be2 Qb6 11.h3 Bxe2 12.Qxe2 Be7 13.b3 O-O 14.g4 c5 15.Na4 Qd8
16.c4 Nfd7 17.O-O-O a6 18.Kb1 b5 19.Nb2 bxc4 20.Nxc4 Nxc4 21.Qxc4 a5 22.Qa4 c4
23.Qxc4 a4 24.b4 Bf6 25.a3 Rc8 26.Qe2 Qe7 27.Nd3 Ne5 28.g5 Bxg5 29.Nxe5 Qxe5
30.Bxg5 Qxg5 31.Qb2 Qe7 32.Qd4 Rc7 33.Rhg1 g6 34.Rc1 Rfc8 35.Rxc7 Qxc7 36.Qd3 f6
37.Rf1 Kg7 38.h4 Re8 39.Qd4 Re5 40.Rc1 Qe7 41.Rc4 f5 42.exf5 gxf5 43.Rc2 Qb7
44.Qg1+ Kf7 45.Qg5 Qe7 46.Qxe7+ Kxe7 47.Rc7+ Kf6 48.Rxh7 f4 49.Rc7 f3 50.Rc8 Kg7
51.Rc7+ Kg6 52.h5+ Kxh5 53.Rf7 Kg4 54.Kc2 Rxd5 55.Kc3 Rd1 56.Kc2 Rd4 57.b5 Rd5
58.b6 Rb5 59.b7 Kg3 60.Kd3 Rb3+ 61.Ke4 f2 62.Rg7+ Kh2 63.Rh7+ Kg2 64.Rg7+ Kf1
65.Kd5 Ke2 66.Re7+ Kd3 67.Rf7 Ke2 68.Re7+ Kd3 69.Rf7 Ke2  1/2-1/2

[Event "Lisboa Mestres-B"]
[Site "Lisboa"]
[Date "1995.??.??"]
[Round "2"]
[White "Vitor, Antonio"]
[Black "Pereira, Joao"]
[Result "1-0"]
[WhiteElo "2220"]
[BlackElo "2140"]

1.e4 d6 2.d4 Nf6 3.Nc3 c6 4.f3 e5 5.Be3 Be7 6.Nge2 O-O 7.g4 Bxg4 8.dxe5 Bxf3
9.exf6 Bxf6 10.Rg1 Bh4+ 11.Bf2 f5 12.Qd4 Bxf2+ 13.Kxf2 Bg4 14.Rg3 Qh4 15.Kg1 f4
16.Nxf4 Rxf4 17.Qxd6 Bc8 18.Bc4+ Kh8 19.Ne2 Rf2 20.Kxf2 Qxh2+ 21.Ke3 Nd7
22.Rf1  1-0

[Event "Lisboa"]
[Site "Lisboa"]
[Date "1995.??.??"]
[Round "4"]
[White "Leonardo, Joao"]
[Black "Galego, Luis"]
[Result "0-1"]
[WhiteElo "2275"]
[BlackElo "2435"]

1.e4 d6 2.d4 Nf6 3.Nc3 c6 4.g3 e5 5.dxe5 dxe5 6.Qxd8+ Kxd8 7.f3 Bc5 8.Bd2 Ke7
9.O-O-O b5 10.Bh3 Bxh3 11.Nxh3 Nbd7 12.f4 Ng4 13.Rde1 Nb6 14.fxe5 Nxe5 15.Re2 f6
16.Be3 Bb4 17.Nd1 Nbc4 18.c3 Bd6 19.b3 Nxe3 20.Nxe3 g6 21.Kc2 Bc5 22.Nf4 Rad8
23.Rd1 Rxd1 24.Nxd1 Rd8 25.Nf2 Bb6 26.N4d3 Nf3 27.Nd1 a5 28.N1b2 g5 29.g4 Ke6
30.Ne1 Nxe1+ 31.Rxe1 h5 32.h3 hxg4 33.hxg4 Rh8 34.e5 Rh2+ 35.Kb1 Bf2 36.Re2 fxe5
37.Kc2 Kd5 38.Nd1 Bg1 39.Rxh2 Bxh2 40.Kd3 e4+ 41.Ke2 Bf4  0-1

[Event "Lisboa Mestres-B"]
[Site "Lisboa"]
[Date "1995.??.??"]
[Round "5"]
[White "Santos, Jose Alves"]
[Black "Amaral, Nuno"]
[Result "0-1"]
[WhiteElo "2065"]
[BlackElo "2165"]

1.e4 d6 2.d4 Nf6 3.Nc3 c6 4.Nf3 Qa5 5.Bd3 e5 6.O-O Bg4 7.Be2 Nbd7 8.Be3 Bxf3
9.Bxf3 Be7 10.Qd2 Qc7 11.Rfd1 O-O 12.Ne2 Rfd8 13.Ng3 g6 14.c3 Nf8 15.d5 N8d7
16.Bh6 Kh8 17.Bg5 Nb6 18.h4 Ng8 19.Bxe7 Qxe7 20.h5 Kg7 21.b3 c5 22.c4 Nd7
23.Kf1 Nh6 24.Ke2 Rh8 25.Rh1 Qf6 26.Nf1 Qd8 27.Rc1 f5 28.g3 Qf6 29.Ne3 Raf8
30.Rh2 g5 31.Rg1 Kf7 32.g4 fxe4 33.Bxe4 Qf4 34.Bf5 Qxh2 35.Rg2 Qf4 36.Bxd7 Ke7
37.Be6 b6 38.Qc2 Kd8 39.b4 Ke7 40.Qa4 e4 41.Qd7+ Kf6 42.b5 Re8 43.Nf5 Qf3+
44.Ke1 Nxf5 45.Qf7+ Ke5 46.Qxf5+ Qxf5 47.gxf5 h6 48.Ke2 a6 49.a4 axb5 50.Ke3 bxa4
51.Rg4 a3 52.Rxe4+ Kf6  0-1

[Event "Lisboa Mestres-B"]
[Site "Lisboa"]
[Date "1995.??.??"]
[Round "6"]
[White "Morais, Vitor"]
[Black "Amaral, Nuno"]
[Result "1/2-1/2"]
[WhiteElo "2215"]
[BlackElo "2165"]

1.e4 d6 2.d4 Nf6 3.Nc3 c6 4.a4 Qa5 5.Bd3 e5 6.Nf3 Bg4 7.Be3 Nbd7 8.h3 exd4
9.Bxd4 Bxf3 10.Qxf3 Ne5 11.Qe3 Nxd3+ 12.cxd3 Be7 13.O-O O-O 14.b4 Qxb4 15.Rab1 Qa5
16.Rxb7 Bd8 17.Ne2 c5 18.Bc3 Qa6 19.Rfb1 Qxa4 20.Ng3 d5 21.Qxc5 dxe4 22.Bb4 Bb6
23.Qg5 h6 24.Qf4 e3 25.Nf5 exf2+ 26.Kh1 Rae8 27.Rxb6 Re1+ 28.Kh2 Rxb1 29.Nxh6+ Kh8
30.Nxf7+ Rxf7 31.Rb8+ Ne8 32.Qxf7 f1=Q 33.Rxe8+ Qxe8 34.Qxe8+ Kh7 35.Qh5+  1/2-1/2

[Event "Lisboa"]
[Site "Lisboa"]
[Date "1995.??.??"]
[Round "7"]
[White "Pereira, Alvaro"]
[Black "Ribeiro, Fernando"]
[Result "1-0"]
[WhiteElo "2300"]
[BlackElo "2240"]

1.d4 d6 2.e4 Nf6 3.Nc3 c6 4.f4 Qb6 5.Nf3 Bg4 6.Be2 Nbd7 7.e5 Nd5 8.O-O Nxc3
9.bxc3 e6 10.Ng5 Bxe2 11.Qxe2 g6 12.f5 gxf5 13.Qh5 Nxe5 14.Nxe6 Ng6 15.Nxf8 Nxf8
16.Re1+ Kd8 17.Qxf7 Qc7 18.Bg5+ Kc8 19.Re8+  1-0

[Event "Lisboa Mestres-B"]
[Site "Lisboa"]
[Date "1995.??.??"]
[Round "7"]
[White "Santos, Marco"]
[Black "Pereira, Joao"]
[Result "1-0"]
[WhiteElo "2185"]
[BlackElo "2140"]

1.e4 d6 2.d4 Nf6 3.Nc3 c6 4.f4 Qa5 5.e5 Ne4 6.Bd3 Nxc3 7.Qd2 Qd5 8.bxc3 dxe5
9.fxe5 Bg4 10.Qf4 h5 11.c4 Qd7 12.h3 g5 13.Qf2 Be6 14.Bxg5 Na6 15.Rb1 O-O-O
16.Ne2 Rg8 17.Be3 f6 18.Nf4 Bh6 19.Nxe6 Bxe3 20.Qxe3 Qxe6 21.O-O Kb8 22.Rf5 h4
23.Qf4 fxe5 24.Rxe5 Qf6 25.Rf5+ Qd6 26.c5 Qxf4 27.Rxf4 Nc7 28.Rxh4 Rg5 29.Bc4 e6
30.Re4 Rdg8 31.g4 R5g6 32.Rbe1 Re8 33.h4 Kc8 34.g5 Kd7 35.Rg4 Reg8 36.Re5 Rh8
37.Bd3 Rg7 38.g6 Nd5 39.h5 Nb4 40.Bc4 Nxc2 41.Bxe6+ Kc7 42.Bf7 Nb4 43.Re7+ Kd8
44.Rge4 Nd5 45.Re8+ Rxe8 46.Rxe8+  1-0

[Event "Lisboa Mestres-B"]
[Site "Lisboa"]
[Date "1995.??.??"]
[Round "9"]
[White "Gaspar, Artur"]
[Black "Rodrigues, L."]
[Result "1/2-1/2"]
[WhiteElo "2220"]
[BlackElo "2075"]

1.e4 d6 2.d4 Nf6 3.Nc3 c6 4.Nf3 Bg4 5.h3 Bh5 6.Qe2 Bxf3 7.Qxf3 e5 8.Be3 Nbd7
9.O-O-O g6 10.g4 Qe7 11.Kb1 Bg7 12.Bg2 h5 13.Qg3 O-O 14.Ne2 Nb6 15.dxe5 dxe5
16.b3 Nfd7 17.h4 a5 18.Bg5 Nf6 19.Be3 Nfd7 20.Bg5 Nf6  1/2-1/2

[Event "Litomysl op"]
[Site "Litomysl"]
[Date "1995.??.??"]
[Round "2"]
[White "Spal, Milan"]
[Black "Berezjuk, Sergej"]
[Result "0-1"]
[WhiteElo "2215"]
[BlackElo "2385"]

1.d4 d6 2.e4 Nf6 3.Nc3 c6 4.f4 g6 5.Nf3 Bg7 6.Bd3 O-O 7.O-O Bg4 8.e5 dxe5
9.dxe5 Nd5 10.Nxd5 cxd5 11.h3 Bxf3 12.Qxf3 Nc6 13.Be3 Rc8 14.Rad1 Qa5 15.a3 e6
16.Qe2 Rfd8 17.Kh1 Qc7 18.Bf2 Bf8 19.c3 a6 20.g4 d4 21.c4 Na5 22.Bh4 Re8
23.Qf3 Bg7 24.Bf6 Bxf6 25.exf6 Qd8 26.g5 Nxc4 27.Bxc4 Rxc4 28.Qxb7 d3 29.Qf3 Rd4
30.Rd2 Qd6 31.Rc1 e5 32.Rc6 Qd7 33.fxe5 Rxe5 34.Rxa6 h6 35.Ra8+ Kh7 36.Rf8 Rxg5
37.Rb8 Rh4 38.Rxd3 Qa7  0-1

[Event "Litomysl op"]
[Site "Litomysl"]
[Date "1995.??.??"]
[Round "3"]
[White "Folk, Petr"]
[Black "Zapletal, Jiri"]
[Result "1/2-1/2"]
[WhiteElo "2295"]
[BlackElo "2205"]

1.e4 d6 2.d4 Nf6 3.Nc3 e5 4.Nf3 Bg4 5.dxe5 Bxf3 6.Qxf3 dxe5 7.Bg5 Be7 8.Rd1 Nbd7
9.g3 Qb8 10.Bh3 Nb6 11.O-O c6 12.a4 a5 13.b3 O-O 14.Rd2 Qc7 15.Rfd1 Rfd8
16.Bf5 Rxd2 17.Rxd2 Rd8 18.Qd1 Rxd2 19.Qxd2 Nc8 20.Bxc8 Qxc8 21.Qd3  1/2-1/2

[Event "Ljubljana op"]
[Site "Ljubljana"]
[Date "1995.??.??"]
[Round "9"]
[White "Justin, Matijaz"]
[Black "Mikac, Tomaz"]
[Result "1-0"]
[WhiteElo "2385"]
[BlackElo "2195"]

1.e4 d6 2.d4 Nf6 3.Nc3 e5 4.dxe5 dxe5 5.Qxd8+ Kxd8 6.Bg5 Be6 7.O-O-O+ Kc8
8.f3 Nfd7 9.g3 f6 10.Be3 c6 11.Bh3 Bxh3 12.Nxh3 Kc7 13.f4 Bb4 14.Nb1 Re8
15.f5 Bc5 16.Kd2 Be7 17.g4 h6 18.Nf2 Nb6 19.Ke2 Na6 20.Nd3 Rad8 21.h4 Nc4
22.Bc1 Nd6 23.Kf3 Nf7 24.Be3 Nb4 25.Nxb4 Bxb4 26.Rxd8 Rxd8 27.Rg1 Be7 28.Nc3 b6
29.Ne2 Kd7 30.Ng3 Ke8 31.Nh5 Kf8 32.a4 Rd7 33.a5 bxa5 34.Ra1 Bd8 35.Ng3 Bb6
36.Ne2 Nd6 37.b3 Nb5 38.g5 hxg5 39.hxg5 fxg5 40.Bxg5 Nd4+ 41.Nxd4 Rxd4 42.Be3 Rb4
43.Bd2 Rb5 44.Ra4 Kf7 45.Rc4 c5 46.Ke2 Kf6 47.Ra4 g6 48.fxg6 Kxg6 49.Kd3 Kf6
50.Kc4 a6 51.Ra1 Ke6 52.Rh1 Kd7 53.Rh6 Kc7 54.Bc3 Kb7 55.Bxe5 a4 56.bxa4 Rb4+
57.Kd5 Rxa4 58.Rh7+ Kc8 59.Bf6 Rb4 60.Kc6 Bd8 61.e5 Bxf6 62.exf6  1-0

[Event "POL-chT"]
[Site "Lubniewice"]
[Date "1995.??.??"]
[Round "2"]
[White "Spisak, Czeslaw"]
[Black "Gawronski, Miroslaw"]
[Result "1-0"]
[WhiteElo "2335"]
[BlackElo "2100"]

1.e4 d6 2.d4 Nf6 3.Nc3 c6 4.f4 Qc7 5.Nf3 Bg4 6.e5 Nd5 7.Nxd5 cxd5 8.Bd3 Nc6
9.c3 e6 10.h3 Bf5 11.Bxf5 exf5 12.Be3 Be7 13.Qd3 g6 14.g4 fxg4 15.hxg4 O-O-O
16.g5 Bf8 17.O-O-O Bg7 18.Rh2 h6 19.Rdh1 dxe5 20.fxe5 hxg5 21.Nxg5 Rxh2 22.Rxh2 Rh8
23.Rxh8+ Bxh8 24.Qf1 Bxe5 25.dxe5 Qxe5 26.Qh3+ Kc7 27.Nxf7 Qe7 28.Bf4+ Kb6
29.Qe3+ Qxe3+ 30.Bxe3+ Kc7 31.Nh8 Ne7 32.Bg5 Nf5 33.Nxg6 Kd6 34.Nh4 Ng7 35.Nf3 Ne6
36.Be3 a6 37.Nd4 Nf8 38.Bf4+ Kc5 39.Kc2 a5 40.Kd3 a4 41.Nf5 Nd7 42.Bd6+ Kc6
43.Kd4 Nb6 44.Ba3  1-0

[Event "POL-chT"]
[Site "Lubniewice"]
[Date "1995.??.??"]
[Round "7"]
[White "Protaziuk, Grzegorz"]
[Black "Masternak, Grzegorz"]
[Result "1-0"]
[WhiteElo "2285"]
[BlackElo "2350"]

1.e4 d6 2.d4 Nf6 3.Nc3 e5 4.Nf3 Nbd7 5.Bc4 Be7 6.O-O O-O 7.Re1 c6 8.a4 a5
9.h3 exd4 10.Qxd4 Ne8 11.Bf4 Nc5 12.Qd2 Be6 13.Bxe6 fxe6 14.Be3 Nd7 15.Ne2 e5
16.Ng3 g6 17.Rad1 Ng7 18.Bh6 Nc5 19.Qe2 Bf6 20.b3 Qe7 21.Nf1 Rfd8 22.N1d2 Nge6
23.Be3 Kg7 24.Bxc5 Nxc5 25.Nc4 Qc7 26.Qe3 Ne6 27.Qb6 Qxb6 28.Nxb6 Ra6 29.Nc4 Nd4
30.Nxd4 exd4 31.f4 d5 32.exd5 Rxd5 33.Re6 Rd8 34.g3 Raa8 35.Nd6 Rd7 36.Ne8+ Kf7
37.Nxf6 Kxe6 38.Nxd7 Kxd7 39.Rxd4+ Ke6 40.Kf2 c5 41.Re4+ Kf6 42.Re5 b6 43.Rd5 Ke6
44.c4 h5 45.Kf3 Rf8 46.Ke4 Rg8 47.Rg5 Kd6 48.Kf3 Kc7 49.f5 Rf8 50.g4 hxg4+
51.hxg4 gxf5 52.gxf5 Rd8 53.Rg7+ Kc6 54.Rg6+ Kc7 55.Re6 Rd1 56.Re3 Kd7 57.Kf4 Rd2
58.f6 Rf2+ 59.Kg5 Rg2+ 60.Kh6 Rh2+ 61.Kg7 Rg2+ 62.Kf8 Rg6 63.f7 Rg1 64.Rd3+ Kc7
65.Rd5  1-0

[Event "POL-chT"]
[Site "Lubniewice"]
[Date "1995.??.??"]
[Round "8"]
[White "Grabarczyk, Bogdan"]
[Black "Kiedrowicz, Jan"]
[Result "1/2-1/2"]
[WhiteElo "2370"]
[BlackElo "2340"]

1.e4 d6 2.d4 Nf6 3.Nc3 c6 4.f4 Qa5 5.e5 Ne4 6.Bd3 Nxc3 7.Qd2 g6 8.bxc3 dxe5
9.fxe5 Bh6 10.Qxh6 Qxc3+ 11.Ke2 Bg4+ 12.Nf3 Na6 13.Be3 Nb4 14.Bd2 Qxd4 15.Bxb4 Qxb4
16.Rab1 Qa5 17.Rxb7 Qxe5+ 18.Kf2 Bxf3 19.gxf3 O-O-O 20.Rxa7 Rxd3 21.cxd3 Qb2+
22.Kf1 Qb1+ 23.Kg2 Qb2+ 24.Kf1 Qb1+ 25.Ke2 Qxh1 26.Ra8+ Kb7 27.Rxh8 Qg2+
28.Ke1 Qg1+ 29.Kd2 Qg2+ 30.Ke3 Qg1+ 31.Kd2 Qf2+ 32.Kd1 Qg1+ 33.Kd2  1/2-1/2

[Event "POL-chT"]
[Site "Lubniewice"]
[Date "1995.??.??"]
[Round "8"]
[White "Typek, Konrad"]
[Black "Ciemniak, Robert"]
[Result "0-1"]
[WhiteElo "2410"]
[BlackElo "2395"]

1.e4 d6 2.d4 Nf6 3.Nc3 c6 4.Nf3 Bg4 5.Be2 e6 6.Be3 Be7 7.h3 Bh5 8.Nd2 Bg6
9.O-O d5 10.e5 Nfd7 11.f4 c5 12.Nb3 cxd4 13.Nxd4 Nc6 14.g4 Bc5 15.Rc1 h5
16.g5 a6 17.Kg2 Rc8 18.Nxc6 Rxc6 19.Bxc5 Nxc5 20.Qd4 O-O 21.Bd3 Nxd3 22.cxd3 Qb6
23.Ne2 Qxd4 24.Nxd4 Rb6 25.b3 Bxd3 26.Rfd1 Bb5 27.Rc7 a5 28.Rc5 Bd7 29.Rxa5 Rc8
30.a3 Kh7 31.h4 Rc3 32.Rd2 Kg6 33.Kh2 Bc6 34.Ra8 Bb5 35.Ra5 Bd3 36.Ra4 Be4
37.Ra7 Rc1 38.Kg3 Rg1+ 39.Kf2 Rg4 40.Ke3 Rxh4 41.Ra8 Ra6 42.Rxa6 bxa6 43.a4 Rh3+
44.Kf2 Rh2+ 45.Ke3 Rxd2 46.Kxd2 h4 47.Ke3 h3  0-1

[Event "Madras zt"]
[Site "Madras"]
[Date "1995.??.??"]
[Round "7"]
[White "Reefat bin Satter"]
[Black "Murshed, Niaz"]
[Result "0-1"]
[WhiteElo "2430"]
[BlackElo "2515"]

1.e4 d6 2.d4 Nf6 3.Nc3 e5 4.Nf3 Nbd7 5.Bc4 Be7 6.O-O O-O 7.a4 c6 8.Re1 Qc7
9.a5 b5 10.axb6 Nxb6 11.Ba6 Be6 12.b3 Bg4 13.dxe5 dxe5 14.h3 Bh5 15.Qe2 Nfd7
16.Nd1 Nc5 17.Ne3 Bg6 18.Nf5 Bxf5 19.exf5 e4 20.Ng5 Rae8 21.Qg4 Nd5 22.Nxe4 h5
23.Qg3 Bd6 24.Qf3 Qe7 25.Bd3 Qe5 26.Qg3 Nxe4 27.Bxe4 Qxa1 28.Qxd6 Rxe4 29.Rd1  0-1

[Event "Mainz op"]
[Site "Mainz"]
[Date "1995.??.??"]
[Round "7"]
[White "Schiffer, Steve"]
[Black "Dobosz, Henryk"]
[Result "0-1"]
[WhiteElo "2125"]
[BlackElo "2420"]

1.e4 d6 2.d4 Nf6 3.Nc3 c6 4.Nf3 Bg4 5.Be2 e6 6.Be3 Be7 7.Nd2 Bxe2 8.Qxe2 d5
9.O-O O-O 10.e5 Nfd7 11.f4 c5 12.Nb3 cxd4 13.Nxd4 Nc6 14.f5 Bc5 15.Nxc6 Bxe3+
16.Qxe3 bxc6 17.Ne2 Qb6 18.Qxb6 axb6 19.fxe6 fxe6 20.Nd4 Rxf1+ 21.Kxf1 Nxe5
22.Nxe6 Nc4 23.c3 Nxb2 24.Nd4 c5 25.Nb5 Kf7 26.Nc7 Rd8 27.a4 Nc4 28.Re1 Rd7
29.Ne6 Nd2+  0-1

[Event "Mainz op"]
[Site "Mainz"]
[Date "1995.??.??"]
[Round "8"]
[White "Bloessl, Walter"]
[Black "Eilers, Stefan"]
[Result "0-1"]
[WhiteElo "2220"]
[BlackElo "2305"]

1.e4 d6 2.d4 Nf6 3.Nc3 e5 4.Nf3 Nbd7 5.Bc4 Be7 6.O-O O-O 7.Qe2 exd4 8.Nxd4 Ne5
9.Bb3 c5 10.Nf3 Bg4 11.Nd5 Nxd5 12.Bxd5 Qc8 13.Kh1 Bxf3 14.gxf3 Qh3 15.Bf4 Nxf3
16.c3 Rab8 17.Bg3 Qg4 18.Rg1 h5 19.Rg2 Rfd8 20.Be5 dxe5 21.Rxg4 hxg4 22.h3 Rd6
23.hxg4 Rf6 24.Rd1 b5 25.Rd3 Ng5 26.c4 b4 27.Kg2 Rbb6 28.Qd1 Rf4 29.Ba8 Rbf6
30.Qe2 Ne6 31.Bb7 Nd4 32.Rxd4 cxd4 33.Bc8 Rxf2+ 34.Qxf2 Rxf2+ 35.Kxf2 Kh7
36.Bd7 Kh6 37.Ba4 Kg5 38.Kf3 d3 39.Bd1 Bc5 40.Ba4 g6 41.Bb3 f6 42.Ba4 a6
43.Be8 f5 44.gxf5 gxf5 45.Ba4 f4 46.Bd1 Kf6 47.Kg2 Ke7 48.Kf1 Kd6  0-1

[Event "Mainz op"]
[Site "Mainz"]
[Date "1995.??.??"]
[Round "9"]
[White "Gurevich, Vladimir"]
[Black "Dobosz, Henryk"]
[Result "1-0"]
[WhiteElo "2445"]
[BlackElo "2420"]

1.e4 d6 2.d4 Nf6 3.Nc3 c6 4.f4 Qa5 5.Bd3 e5 6.Nf3 Bg4 7.Be3 d5 8.fxe5 Nxe4
9.O-O Nxc3 10.Qe1 h6 11.bxc3 Be6 12.Rb1 Qc7 13.Nd2 Nd7 14.c4 Nb6 15.c5 Nc4
16.Nxc4 dxc4 17.Bf5 b5 18.cxb6 axb6 19.Bxe6 fxe6 20.Qg3 Rxa2 21.Qg6+ Kd8
22.Rf7 Be7 23.Qxe6 Ra3 24.Bd2 c3 25.Be3 Re8 26.d5 cxd5 27.Qxd5+ Kc8 28.Bxb6  1-0

[Event "Capablanca mem-C"]
[Site "Matanzas"]
[Date "1995.??.??"]
[Round "2"]
[White "Andonovski, Ljubisa"]
[Black "Perez, Rodney"]
[Result "0-1"]
[WhiteElo "2290"]
[BlackElo "2305"]

1.d4 d6 2.e4 Nf6 3.Nc3 c6 4.f4 Qa5 5.e5 Ne4 6.Bd3 Nxc3 7.Qd2 Na6 8.bxc3 g6
9.Nf3 Bg4 10.Ng5 dxe5 11.fxe5 Bh6 12.O-O O-O 13.Qf4 Qxc3 14.Qxg4 Qxa1 15.Ba3 Qxa2
16.Bxe7 Nc7 17.Qh4 Bxg5 18.Qxg5 Qd5 19.c3 Rfe8 20.Bf6 Re6 21.Qh6 Rxf6 22.Rxf6 Ne6
23.h4 Nxd4 24.Rd6 Nf3+ 25.gxf3 Qxe5 26.Rd4 Qg3+ 27.Kh1 Qxf3+ 28.Kh2 Qf2+
29.Kh3 Re8 30.Be4 c5 31.Rd7 Qf1+ 32.Kh2 Qe2+ 33.Bg2 Qe5+ 34.Kg1 Qg3 35.Rd1 Qxc3
36.Qd2 Qe5 37.Qd7 Re7 38.Qd6 Qe3+ 39.Kh2 Re5 40.Rd3 Qf4+  0-1

[Event "Capablanca mem-C"]
[Site "Matanzas"]
[Date "1995.??.??"]
[Round "6"]
[White "Fraschini, Mariano"]
[Black "Moran, Augusto"]
[Result "1/2-1/2"]
[WhiteElo "2350"]
[BlackElo "2415"]

1.d4 d6 2.e4 Nf6 3.Nc3 e5 4.dxe5 dxe5 5.Qxd8+ Kxd8 6.Bc4 Ke8 7.f3 c6 8.a4 a5
9.Be3 Na6 10.Nge2 Bc5 11.Nd1 Nd7 12.Nc1 Bxe3 13.Nxe3 Nac5 14.b3 Nb6 15.Ke2 Be6
16.Nd3 Nxd3 17.Kxd3 Ke7 18.Bxe6 Kxe6 19.Kc3 g6 20.Nc4 Nxc4 21.Kxc4 Rad8 22.Rhd1 b6  1/2-1/2

[Event "Capablanca mem-C"]
[Site "Matanzas"]
[Date "1995.??.??"]
[Round "13"]
[White "Fuentes, Manuel"]
[Black "Perez, Rodney"]
[Result "1-0"]
[WhiteElo "2375"]
[BlackElo "2305"]

1.d4 d6 2.e4 Nf6 3.Nc3 e5 4.Nf3 Nbd7 5.Bc4 Be7 6.O-O O-O 7.a4 a5 8.Qe2 c6
9.Ba2 Qc7 10.Rd1 exd4 11.Nxd4 Ne5 12.f3 Re8 13.Qf2 Bf8 14.Be3 g6 15.Rd2 b6
16.Rad1 Bb7 17.Qh4 Ned7 18.Bh6 Bxh6 19.Qxh6 Re5 20.Nde2 Ne8 21.Ng3 Nf8 22.f4 Rc5
23.f5 Qe7 24.Rf2 Nf6 25.fxg6  1-0

[Event "Fide Mercenarios 2nd"]
[Site "MEX"]
[Date "1995.??.??"]
[Round "?"]
[White "De Winter, Willy"]
[Black "Araiza Nieto, Edgar"]
[Result "0-1"]
[WhiteElo "2200"]
[BlackElo "2140"]

1.d4 d6 2.e4 Nf6 3.Nc3 c6 4.Be2 Qa5 5.Bd2 Qb6 6.Nf3 Qxb2 7.Rb1 Qa3 8.O-O Qa5
9.Nh4 e5 10.d5 Be7 11.Nf5 Bxf5 12.exf5 Qc7 13.g4 h6 14.Bf3 c5 15.Nb5 Qd7
16.c4 g6 17.fxg6 fxg6 18.Qc2 Kf7 19.Bg2 g5 20.Rb3 Na6 21.Rf3 Qxg4 22.Rg3 Qh5
23.Qf5 Rad8 24.f4 gxf4 25.Qe6+ Kf8 26.Bxf4 exf4 27.Rxf4 Qf7 28.Qe3 Rg8 29.Rgf3 Qg6
30.Rg3 Qb1+ 31.Rf1 Qh7 32.Rgf3 Rg6 33.Kh1 Qg7 34.Bh3 Kg8 35.Bf5 Rg5 36.h4 Rxf5
37.Rxf5 Kh8 38.Qf4 Rg8 39.Qh2 Ng4 40.Qg2 Ne3 41.Qxg7+ Rxg7 42.Rf8+ Bxf8 43.Rxf8+ Kh7
44.Nxd6 Nb4 45.Ne4 Nxc4 46.h5 Nxd5 47.Nxc5 Re7 48.Rd8 Nf6 49.Rd4 Ne3 50.a4 b6
51.Rd6 bxc5 52.Rxf6 Rc7 53.Rf3 Nd5 54.Rd3 Nb4 55.Rc3 c4 56.Kg1 Na2 57.Rc2 c3
58.Kf1 Nb4 59.Rc1 c2 60.Ke2 Na2  0-1

[Event "Fide Mercenarios 2nd"]
[Site "MEX"]
[Date "1995.??.??"]
[Round "?"]
[White "Ruiz, Guillermo"]
[Black "Araiza Nieto, Edgar"]
[Result "1/2-1/2"]
[WhiteElo "2230"]
[BlackElo "2115"]

1.e4 d6 2.d4 Nf6 3.Nc3 c6 4.Nf3 g6 5.Bd3 Bg7 6.O-O O-O 7.h3 Nbd7 8.Be3 e5
9.Qd2 Re8 10.Bh6 Nh5 11.Bxg7 Kxg7 12.Ne2 f5 13.dxe5 dxe5 14.Rad1 Ndf6 15.exf5 e4
16.fxg6 hxg6 17.Qg5 Qd5 18.Qh4 exd3 19.Nc3 Qf5 20.Rxd3 Qf4 21.g4 Nxg4 22.hxg4 Qxg4+
23.Qxg4 Bxg4 24.Nd4 Rad8 25.f3 Nf4 26.Rd2 Bc8 27.Rfd1 Nd5 28.Nxd5 Rxd5 29.c4 Rg5+
30.Kf2 Bh3 31.Rg1 Rxg1 32.Kxg1 Kf6 33.Kf2 Rd8 34.Ke3 Bf1 35.b3 Bh3 36.Rh2 Re8+
37.Kf4 g5+ 38.Kg3 Bc8 39.Rh7 Rd8 40.Ne2 Rd2 41.Nc3 Rc2 42.Ne4+ Kg6 43.Rc7 Bf5
44.Nd6 Rxa2 45.Nxb7 Ra3 46.Rxc6+ Kh5 47.Nc5 g4 48.Ra6 Rxa6 49.Nxa6 gxf3 50.Kxf3 Bc2
51.Nc5 Kg5 52.Ke3 Kf6 53.Kd4 Ke7 54.Kd5 Kd8 55.Kc6 Kc8 56.Kb5 Bd1 57.Ka6 Kc7
58.Ne6+ Kd6  1/2-1/2

[Event "Mitropa Cup"]
[Site "?"]
[Date "1995.??.??"]
[Round "6"]
[White "Rogic, Davor"]
[Black "Ruck, Robert"]
[Result "1/2-1/2"]
[WhiteElo "2460"]
[BlackElo "2460"]

1.e4 d6 2.d4 Nf6 3.Nc3 Nbd7 4.Nf3 e5 5.Bc4 Be7 6.O-O O-O 7.a4 c6 8.Ba2 a5
9.Re1 Qb6 10.h3 exd4 11.Qxd4 Qb4 12.Bd2 Ne5 13.Qe3 Nc4 14.Bxc4 Qxc4 15.b3 Qe6
16.Rad1 Re8 17.Qd3 Nd7 18.Nd4 Qg6 19.Bf4 Ne5 20.Qg3 Qh5 21.Bxe5 dxe5 22.Nf5 Bxf5
23.exf5 Bb4 24.Qd3 Qg5 25.g4 Qh4 26.Re2 h5 27.Re4 Red8 28.Qe3 hxg4 29.Rxd8+ Rxd8
30.Rxg4 Qf6 31.Ne4 Qxf5 32.Ng3 Qe6 33.Rxg7+ Kxg7 34.Qg5+ Kh7 35.Qxd8 Qxh3
36.Qc7 Qe6 37.Qxb7 e4 38.Qb6 f5 39.Qc7+ Kg6 40.Ne2 Bd6 41.Qd8 f4 42.Qh4 Qf5
43.Nd4 Qd5  1/2-1/2

[Event "Moscow1"]
[Site "Moscow"]
[Date "1995.??.??"]
[Round "?"]
[White "Savon, Vladimir A"]
[Black "Komliakov, Viktor"]
[Result "1/2-1/2"]
[WhiteElo "2390"]
[BlackElo "2535"]

1.e4 d6 2.d4 Nf6 3.Nc3 e5 4.dxe5 dxe5 5.Qxd8+ Kxd8 6.Bc4 Be6 7.Bxe6 fxe6
8.Be3 Bd6 9.f3 a6 10.O-O-O Ke7  1/2-1/2

[Event "Moscow2"]
[Site "Moscow"]
[Date "1995.??.??"]
[Round "?"]
[White "Vasiukov, Evgeni"]
[Black "Bologan, Viktor"]
[Result "1/2-1/2"]
[WhiteElo "2490"]
[BlackElo "2540"]

1.e4 d6 2.d4 Nf6 3.Nc3 e5 4.dxe5 dxe5 5.Qxd8+ Kxd8 6.Bc4 Be6 7.Bxe6 fxe6
8.Bg5 Bd6 9.Nge2 Nc6 10.f3 a6 11.O-O-O Ke7 12.Kb1 Raf8 13.b3 h6 14.Be3 Nh5
15.Na4 Nf4 16.Nxf4 exf4 17.Bf2 b6 18.Nb2 Ne5 19.Bd4 Rhg8 20.Nd3 Nxd3 21.Rxd3 e5
22.Bf2 g5 23.Rhd1 Rb8 24.h3 h5 25.c4 g4 26.hxg4 hxg4 27.Rd5 Ke6 28.Bxb6 Rxb6
29.c5 Rb5 30.cxd6 Rxd5 31.Rxd5 cxd6 32.Kc2 Rc8+ 33.Kd2 Rh8 34.Kc3 Rh2 35.Rd2 g3
36.b4 d5 37.exd5+ Kd6 38.Re2 Kxd5 39.a4 Rh1 40.Rd2+ Ke6 41.b5 axb5 42.axb5 Rf1
43.Kd3 Rb1 44.Kc4 Rc1+ 45.Kb4 Rb1+  1/2-1/2